Najpopularniejsi Youtuberzy z Polski - Statystyki

Ogólne statystyki
  • Ten quiz został rozwiązany 151 razy
  • Średni wynik to 6 z 15
Statystyki odpowiedzi
SUBSKRYBCJE YOUTUBER/KA % Poprawnych
4 720 000 Friz
99%
4 880 000 Blowek
92%
4 520 000 reZigiusz
75%
4 250 000 Stuu
66%
2 320 000 Wersow
65%
3 390 000 Naruciak
49%
3 390 000 Abstrachuje
33%
3 600 000 Wardega
32%
2 670 000 IsAmU
30%
2 510 000 Vito
23%
2 410 000 Kaluch
22%
2 730 000 Planeta Faktów
22%
2 450 000 Nitro
18%
2 280 000 Karolek
13%
2 210 000 Kamerzysta
8%
Nie znaleziono quizów pasujących do podanych kryteriów
Rozkład punktacji
Procent ludzi z każdym wynikiem
Percentyl według liczby udzielonych odpowiedzi
Twoja historia wyników
Nie rozwiązałeś tego quizu